000 00619cam a22002172 4500
001 0000002823
005 20151217151905.0
008 070420s xx 000 0 eng d
020 _a0842335609 :
_cKES 190
040 _aKABU
_cKABU
050 0 _aPS3551
_b.I339L37
100 1 _aAiken, Ginny.
_@0000152335
245 1 0 _aLark /
_cGinny Aiken.
260 _aWheaton, Illinois :
_bTyndale,
_c2000.
300 _a304 p. ;
_c21 cm.
650 0 _aWomen journalists
_xFiction.
_@0000152336
650 0 _aDramatists
_xFiction.
_@0000152337
908 _a070420
950 _@1
999 _c6035
_d6035